Statistiques concernant Drapeau des pays non-reconnue

Cliquez ici pour prendre le quiz!

Statistiques générales

  • Ce quiz a été pris 92 fois
  • Le résultat moyen est 5 sur 12

Statistiques - réponses

Réponse% Correct
Palestine
92%
Chypre du Nord
58%
Transnistrie
57%
Kurdistan
56%
Somaliland
54%
Sahara Occidental
53%
Haut-Karabagh
50%
Ossétie du Sud-Alanie
46%
Abkhazie
44%
République populaire de Donetsk
19%
République populaire de Lougansk
15%
Azad Cachemire
4%

Distribution des résultats

Percentile par nombre de réponses

% des personnes avec chaque résultat

Votre développement - résultats

Vous n’avez pas pris ce quiz